La formation en questions

में बचाया:
ग्रंथसूची विवरण
मुख्य लेखक: Galisson, Robert
स्वरूप: पुस्तक
भाषा:Undetermined
प्रकाशित: Paris CLE International 1999
विषय:
टैग : टैग जोड़ें
कोई टैग नहीं, इस रिकॉर्ड को टैग करने वाले पहले व्यक्ति बनें!
Thư viện lưu trữ: Trung tâm Học liệu Trường Đại học Cần Thơ
LEADER 00561nam a2200205Ia 4500
001 CTU_56441
008 210402s9999 xx 000 0 und d
020 |c 294000 
082 |a 448.007 
082 |b G159 
100 |a Galisson, Robert 
245 0 |a La formation en questions 
245 0 |c Robert Galisson, Christian Puren 
260 |a Paris 
260 |b CLE International 
260 |c 1999 
650 |a Language and languages 
650 |x Study and teaching,Methodology 
904 |i Giang 
980 |a Trung tâm Học liệu Trường Đại học Cần Thơ